<?xml version="1.0" encoding="UTF-8"?>
<record
    xmlns:xsi="http://www.w3.org/2001/XMLSchema-instance"
    xsi:schemaLocation="http://www.loc.gov/MARC21/slim http://www.loc.gov/standards/marcxml/schema/MARC21slim.xsd"
    xmlns="http://www.loc.gov/MARC21/slim">

  <leader>01094cam4a220028900 4500</leader>
  <controlfield tag="001">tmp15761608</controlfield>
  <controlfield tag="003">UPRA</controlfield>
  <controlfield tag="005">20190822112411.0</controlfield>
  <controlfield tag="007">sdubmmennuuune</controlfield>
  <controlfield tag="008">951023s1958    enk                     u</controlfield>
  <datafield tag="028" ind1="0" ind2="2">
    <subfield code="a">ALP 1626 H.M.V.</subfield>
    <subfield code="b">ALP 1626 H.M.V.</subfield>
  </datafield>
  <datafield tag="035" ind1=" " ind2=" ">
    <subfield code="a">(Sirsi) r51192</subfield>
  </datafield>
  <datafield tag="035" ind1=" " ind2=" ">
    <subfield code="a">(UPRA)tmp15761608</subfield>
  </datafield>
  <datafield tag="040" ind1=" " ind2=" ">
    <subfield code="c">UPRA</subfield>
  </datafield>
  <datafield tag="041" ind1="0" ind2=" ">
    <subfield code="g">eng</subfield>
  </datafield>
  <datafield tag="100" ind1="1" ind2=" ">
    <subfield code="a">Haydn, Joseph, 1732-1809.</subfield>
    <subfield code="d">Haydn, Joseph, 1732-1809.</subfield>
    <subfield code="6">A9084.1</subfield>
  </datafield>
  <datafield tag="240" ind1=" " ind2=" ">
    <subfield code="a">10a26.1..1.11 n26.1..13.9 r26.1..23.8</subfield>
    <subfield code="h">Sound recording</subfield>
  </datafield>
  <datafield tag="245" ind1="1" ind2="4">
    <subfield code="a">The salomon</subfield>
    <subfield code="h">[sound recording] :</subfield>
    <subfield code="b">[Symphony] no. 97 in C major.</subfield>
  </datafield>
  <datafield tag="260" ind1=" " ind2=" ">
    <subfield code="a">Hayes, Middlesex :</subfield>
    <subfield code="b">H.M.V.,</subfield>
    <subfield code="c">1958.</subfield>
  </datafield>
  <datafield tag="500" ind1=" " ind2=" ">
    <subfield code="a">Sleeve notes by Leonard Duck.</subfield>
  </datafield>
  <datafield tag="511" ind1="0" ind2=" ">
    <subfield code="a">Royal Philharmonic Orchestra conducted by Sir Thomas Beecham.</subfield>
  </datafield>
  <datafield tag="650" ind1=" " ind2="0">
    <subfield code="a">Symphonies -- To 1800.</subfield>
    <subfield code="y">Symphonies -- To 1800.</subfield>
    <subfield code="6">S6140.1</subfield>
  </datafield>
  <datafield tag="700" ind1="1" ind2=" ">
    <subfield code="a">Beecham, Thomas, Sir, 1879-1961.</subfield>
    <subfield code="c">Beecham, Thomas, Sir, 1879-1961.</subfield>
    <subfield code="d">Beecham, Thomas, Sir, 1879-1961.</subfield>
    <subfield code="6">A9135.1</subfield>
  </datafield>
  <datafield tag="710" ind1="2" ind2=" ">
    <subfield code="a">Royal Philharmonic Orchestra.</subfield>
    <subfield code="6">A9137.1</subfield>
  </datafield>
  <datafield tag="949" ind1=" " ind2=" ">
    <subfield code="a">M1001</subfield>
    <subfield code="w">lcc</subfield>
    <subfield code="i">-64912</subfield>
    <subfield code="m">MAIN</subfield>
    <subfield code="t">BOOK</subfield>
    <subfield code="l">ON-SHELF</subfield>
  </datafield>
  <controlfield tag="004">51192</controlfield>
  <datafield tag="999" ind1=" " ind2=" ">
    <subfield code="c">132988</subfield>
    <subfield code="d">132988</subfield>
  </datafield>
</record>
